000 00607nam a22002177a 4500
005 20170124110004.0
010 _aB-030952
020 _c00.00
035 _aB-030952
037 _bCen Lib/Ret
040 _aDPL
_bEN
082 _a362.7
_bVAR
100 _aVarma, Pavan K
_913770
245 _aPeople like us /
_cby Pavan K. Varma
260 _aNew Delhi
_bHar-Anand Publications
_c2001
270 _aD-9, Anand Niketan
_bNew Delhi
_e110021
300 _a133p.
_c22cm(Hb)
650 _aManners and customs
_916550
650 _aSocial classes
_99584
942 _2ddc
_cEN
_h362.7
_mVAR
999 _c126092
_d126092